000 01588cam a22004094i 4500
003 PE-LiUPU
005 20250731175626.0
008 181226s2018 gau r 001 0 eng
020 _a1948488086
020 _a9781948488082
035 _a(Sirsi) a251147
049 _aPRUA
082 0 4 _a499.95
_bF77
_223
100 1 _aFoster, Benjamin R.,1eautor.
245 1 0 _aSargonic texts from Telloh in the Istanbul archaeological Museums.
_nPart 2 /
_cBenjamin R. Foster.
264 1 _aAtlanta :
_bLockwood Press,
_c2018.
300 _axxi, 123 páginas ;
_c23 centímetros
336 _atext
_2rdacontent
337 _aunmediated
_2rdamedia
338 _avolume
_2rdacarrier
504 _aÍndice: páginas 119-123.
505 0 _aPreface -- Abbreviations -- Typology of Text Contents -- Concordance -- The Texts -- Collations -- Index of personal names -- Index of professions and statuses -- Index of Toponyms and Gentilis -- Index of broken names.
526 _aP145
526 _aP127
526 _aP97
526 _aP35
526 _aP14
526 _aP07
650 0 4 _aLengua sumeria
_xTextos.
650 0 4 _aHistoria económica.
_2fast
_0(OCoLC)fst00901974
_95320
910 _adbm
_bsag
_csag
_d20181226
942 _2ddc
_cBOOK
994 _aC0
_bPEPRU
596 _a1
999 _a499.95 F77
_wDEWEY
_c30594
_i79433
_f2021-11-11
_g3
_lCCODEBUL1
_mBUL
_p32.00
_r0
_sY
_tBOOK
_u2018-12-26
_xTEOLOGIA
_PP85
_0COMPRA
_1FCOMPR2
_o.STAFF. Colección Teología
_d30594
980 _81
_gALBERTO SANCHEZ Responsable de Automatización